000 nam a22 7a 4500
999 _c27638
_d27638
008 170209b xxu||||| |||| 00| 0 eng d
020 _a 0153116749
050 _aPE1112 .W37 1990
100 _aWarriner,John E.
245 _aEnglish Composition and grammar :
_b second course./
_cJohn E. Warriner
260 _aOrlando :
_bHartcourt Brace Jovanovich pub. ,
_cc1990
300 _axxii, 722p. :
_bill. ;
_c26cm.
500 _aincludes index.
650 _a Language Usage.
942 _2lcc
_cBOOKS
_hPE1112 .W37 1990